000 00451nam a2200181 4500
001 22600
005 20230410105256.0
008 060907n1996 dr spa
020 _a2908182521
035 _9funglode22763
041 _aEN
050 1 4 _aUG 1230 D286c 1996
100 _aDebay, Yves
245 1 _aCombat helicopters /
_cYves Debay
260 _aParis :
_bHistoire & Collections,
_c1996
300 _a152 p.
942 _2lcc
_cbk
999 _c33411
_d33411